| 000 | 01254cam a2200301 i 4500 | ||
|---|---|---|---|
| 001 | 20828 | ||
| 003 | CO-MdFUSB | ||
| 005 | 20180622074843.0 | ||
| 008 | 161020t1965 xxu||||g |||| 00| 0 eng d | ||
| 020 | _a65-27240 | ||
| 040 |
_aCO-MdFUSB _bEspañol _cCO-MdFUSB _dCO-MdFUSB _erda |
||
| 041 | _aeng | ||
| 082 |
_224 _a232 _bF965f |
||
| 100 | 1 |
_aFuller, Reginald H. _eautor |
|
| 245 | 0 | 4 |
_aThe foundations of New Testament Christology _c/ Reginald H. Fuller |
| 264 | 1 |
_aNew York : _bCharles Scribner's Sons, _c℗[1965] |
|
| 264 | 4 | _c©1965 | |
| 300 | _a268 páginas | ||
| 336 |
_2rdacontent _a1 _ba1 |
||
| 337 |
_2rdamedia _a2 _b5 |
||
| 338 |
_2rdacarrier _a2 _b5 |
||
| 501 | _aPasta dura | ||
| 505 | 0 | 1 | _aEl enfoque de la cristología del Nuevo Testamento - El judaísmo palestino - El judaísmo helenístico - El gentilicio helenístico - El Jesús histórico: Su auto-comprensión - El kerigma de la iglesia primitiva: La cristología de dos focos - La misión judía helenística: La cristología de dos etapas - La misión del gentilicio helenístico: La cristología de tres etapas - Construyendo sobre los cimientos |
| 600 | 7 |
_aJesucristo _xHistoria y crítica |
|
| 650 | 7 |
_9239 _aCristología |
|
| 942 | _cBK | ||
| 999 |
_c47179 _d47179 |
||